000
00474nam a2200181Ia 4500
008
090124s9999 xx 000 0 und d
082
_b
124016
100
_a
मंगेशकर गीता
245
_a
जागृती
250
_a
1
260
_c
1990
300
_a
256
600
_a
मंगेशकर गीता
630
_a
जागृती
700
_a
मंगेशकर गीता
730
_a
जागृती
942
_c
BOOK
999
_c
170103
_d
170103